| 000 | 02215cam a22004697a 4500 | ||
|---|---|---|---|
| 001 | data | ||
| 005 | 20260322212122.0 | ||
| 008 | data | ||
| 035 | _a16450216 | ||
| 906 |
_a7 _bcbc _ccopycat _d2 _encip _f20 _gy-gencatlg |
||
| 925 | 0 |
_aacquire _b2 shelf copies _xpolicy default |
|
| 955 |
_dxh06 2011-03-22 _txh06 2011-03-22 to BCCD |
||
| 010 | _a 2010282363 | ||
| 015 |
_aGBA922913 _2bnb |
||
| 016 | 7 |
_a014921042 _2Uk |
|
| 020 | _a9780811868754 | ||
| 020 | _a0811868753 | ||
| 035 | _a(OCoLC)262430097 | ||
| 040 |
_aBTCTA _cBTCTA _dDLC _dGZD _dZS3 _dABG _dAGL _dCN5O4 _dUKM _dIHI _dDLC |
||
| 042 | _alccopycat | ||
| 050 | 0 | 0 |
_aSB418 _b.F695 2009 |
| 070 | 0 |
_aSB453 _b.F69 2009 |
|
| 082 | 0 | 4 |
_a635 _222 |
| 100 | 1 | _aFowler, Alys. | |
| 245 | 1 | 0 |
_aGarden anywhere : _bhow to grow gorgeous container gardens, herb gardens, kitchen gardens, and more, without spending a fortune / _cAlys Fowler. |
| 260 |
_aSan Francisco : _bChronicle Books, _c2009. |
||
| 300 |
_a192 p. : _bchiefly col. ill. ; _c24 cm. |
||
| 336 |
_atext _btxt _2rdacontent |
||
| 337 |
_aunmediated _bn _2rdamedia |
||
| 338 |
_avolume _bnc _2rdacarrier |
||
| 500 | _a"First published in Great Britain in 2008 by Kyle Cathie Ltd."--T.p. verso. | ||
| 500 | _aIncludes index. | ||
| 505 | 0 | _aFrom the ground up -- No-garden gardening -- How does your garden grow? -- Sowing, growing & protecting -- Pruning & propagating -- Defending your bounty -- The harvest -- Under the radar -- The directory. | |
| 520 | _aA guide to gardening in small spaces, covering container gardens, herb gardens, and kitchen gardens; with information on soil, compost, pruning, harvesting, tools, and resources; and focusing on organic methods. | ||
| 650 | 0 | _aContainer gardening. | |
| 650 | 0 | _aHerb gardening. | |
| 650 | 0 | _aPatio gardening. | |
| 650 | 0 | _aGardening. | |
| 856 | 4 | 2 |
_3Contributor biographical information _uhttp://www.loc.gov/catdir/enhancements/fy1013/2010282363-b.html |
| 856 | 4 | 2 |
_3Publisher description _uhttp://www.loc.gov/catdir/enhancements/fy1013/2010282363-d.html |
| 999 |
_c1866 _d1866 |
||